Statistics for Legend of Zelda Games Quiz

Click here to take the quiz!

General Stats

  • This quiz has been taken 15,775 times
    (6,659 since last reset)
  • The average score is 12 of 17

Answer Stats

Year Console Answer % Correct
1998N64Ocarina of Time
91%
1987NESThe Legend of Zelda
90%
2000N64Majora's Mask
84%
2017SwitchBreath of the Wild
82%
2006GC/WiiTwilight Princess
80%
2002GCThe Wind Waker
79%
1988NESZelda II: The Adventure of Link
75%
1991SNESA Link to the Past
75%
2011WiiSkyward Sword
72%
2004GCFour Swords Adventures
58%
1993Game BoyLink's Awakening
57%
2007NDSPhantom Hourglass
57%
2009NDSSpirit Tracks
56%
20133DSA Link Between Worlds
56%
2004GBAThe Minish Cap
55%
2001GBCOracle of Seasons
51%
2001GBCOracle of Ages
49%

Score Distribution

Percentile by Number Answered

Percent of People with Each Score

Your Score History

You have not taken this quiz since the last reset